Normal view
MARC view
Entry Meeting Name
001 - CONTROL NUMBER
- control field: 12514
003 - CONTROL NUMBER IDENTIFIER
- control field: TZ-ArACH
005 - DATE AND TIME OF LATEST TRANSACTION
- control field: 20130710104711.0
008 - FIXED-LENGTH DATA ELEMENTS
- fixed length control field: 130710|||a|||||| | ||| d
040 ## - CATALOGING SOURCE
- Original cataloging agency: TZ-ArACH
- Transcribing agency: TZ-ArACH
111 ## - HEADING--MEETING NAME
- Meeting name or jurisdiction name as entry element: Société française pour le droit international
- Number of part/section/meeting: 40 :
- Date of meeting: 2006 :
- Location of meeting: Grenoble.
670 ## - SOURCE DATA FOUND
- Source citation: Work cat.: (TZ-ArACH)2470: Société française pour le droit international 40 : 2006 : Grenoble., Nécessité en droit international : colloque de Grenoble /, 2007.
670 ## - SOURCE DATA FOUND
- Source citation: Work cat.: (TZ-ArACH)2470: Société française pour le droit international 40 : 2006 : Grenoble., Nécessité en droit international : colloque de Grenoble /, 2007.
